000 00402nam a22001457a 4500
005 20180621111636.0
008 180621b xxu||||| |||| 00| 0 eng d
020 _a9789351118978
040 _cPK-LaUMT
082 _a370.15
_bEDU-
245 _aEducation and social challenges /
_cedited by S. K. Panner Selvam
260 _aNew Delhi :
_bRandom Publications,
_c2016
300 _a235 p.
942 _cBK
999 _c105130
_d105130